Responses for Show #3679 - Thursday, September 7, 2000

Contestants

[<< previous game]

Alex Vulic, an MBA student from Columbus, Ohio

Bridget Grimes, a doctoral student originally from Philadelphia, Pennsylvania

Michel Phillips, a lawyer from Smyrna, Georgia (whose 1-day cash winnings total $10,900)

[next game >>]

Jeopardy! Round responses

SCIENCE STUFF
SATURDAY NIGHT LIVE STARS
MEDIA SPEAK
BOATING WITH NOAH
CAN'T BE ON JEOPARDY!
THE "NAKED" TRUTH
    $100 1
February

Michel
    $100 26
Billy Crystal

Alex
    $100 6
Exit poll

Alex
    $100 8
Genesis

Alex
    $100 17
(Alex: They can't be on "Jeopardy!")

Dunces

Bridget
    $100 16
The Naked Gun

Michel
    $200 2
Wind

Bridget
    $200 27
The Blues Brothers

Michel
    $200 7
Black

Michel
    $200 9
Rainbow

Michel
    $200 19
Obtuse

Michel
    $200 18
Naked eye

Michel
    $300 3
Pacific Ocean

Michel
    $300 28
Bill Murray

Bridget
    $300 13
Classical

Bridget
    $1,000 10
Ham, Japheth or Shem (Noah's sons)

Michel
    $300 20
Dense

Bridget
    $300 23
Buck naked

Bridget
    $400 4
Iron

Michel
    $400 29
(B: Who is Martin Mull?)

Garrett Morris

Bridget
Triple Stumper
    $400 14
Billboard

Alex
    $400 11
40 days and 40 nights

Michel
    $400 21
Blockheads

Triple Stumper
    $400 24
"Naked Lunch"

Bridget
    $500 5
Radon

Bridget
    $500 30
Gilda Radner

Alex
    $500 15
Tracks

Alex
    $500 12
Ararat

Alex
    $500 22
Dummy

Michel
    $500 25
(A: What is "Naked Donna?")

"The Naked Maja"

Alex
Triple Stumper

Scores at the first commercial break (after clue 15):

Michel Bridget Alex
$2,600 $1,000 $1,600

Scores at the end of the Jeopardy! Round:

Michel Bridget Alex
$3,800 $2,000 $1,700

Double Jeopardy! Round responses

AFRICAN-AMERICAN AUTHORS
TO THE MAX
ISLAND CITIES
(Alex: You have to name the island the city is on; I'll give you the city.)
'90s MOVIES
QUOTATIONS
THE NAKED TRUTH
    $200 1
Alice Walker

Alex
    $200 20
Max Headroom

Alex
    $200 17
(Bridget: What is Hawaii?)

Oahu

BridgetAlex
    $200 13
My Best Friend's Wedding

Michel
    $200 4
Lyndon Johnson

Bridget
    $200 10
Lady Godiva

Alex
    $400 2
(Michel: Who is Hurston?)

Ralph Ellison

Michel
Triple Stumper
    $400 21
(Alex Vulic: Who is Max Faulkner?)

Max Brand

Alex
Triple Stumper
    $400 18
Honshu

Alex
    $400 27
(Michel: Who is Cheryl Ladd?)

Jessica Lange

Michel
Triple Stumper
    $400 5
Ayn Rand

Bridget
    $400 11
Marilyn Monroe

Triple Stumper
    $600 3
the Promised Land

Michel
    $600 24
Max Baer or Max Schmeling

Alex
    $600 19
(Bridget: What is Haiti?)

Hispaniola

MichelBridget
    $600 28
Mars Attacks!

Michel
    $600 6
Anwar Sadat

Bridget
    $600 14
David

Bridget
    $800 9
W.E.B. Du Bois

Michel
    $800 25
Peter Max

Bridget
    $2,000 22
(Alex Vulic: Celebes.)

Java

Alex
    $800 29
[The end-of-round signal sounds.]

Jungle 2 Jungle

Alex
    $800 7
Susan B. Anthony

Alex
    $800 15
gymnasium

Triple Stumper
    $1000 12
Harlem Renaissance

Bridget
    $1000 26
Max Planck

Bridget
    $1000 23
(Alex Trebek: A minute to go.)

Luzon

Michel
    $1,000 8
(Alex Vulic: What is "The winter of our discontent"?)

The summer soldier

Alex
    $1000 16
Le dejeuner sur l'herbe (Luncheon on the Grass)

Michel

Scores at the end of the Double Jeopardy! Round:

Michel Bridget Alex
$7,800 $5,800 $1,700

[wagering suggestions for these scores]

Final Jeopardy! Round responses

'50s POP HITS
(Alex: If you were too young to remember Marilyn Monroe, you're too young to remember this!)
AlexWhat is "The Battle of New Orleans?"
$1,300
BridgetWhat is The Battle of New Orleans?
$5,600
MichelWhat is "The Battle of New Orleans?"
$3,801
"The Battle Of New Orleans"

Final scores:

Michel Bridget Alex
$11,601 $11,400 $3,000
2-day champion: $22,501 2nd place: Boat Trip on the Aggressor II in Kona, Hawaii 3rd place: Kaypro 2100 Personal Desktop Computer Package

Game dynamics:

Coryat scores:

Michel Bridget Alex
$7,100 $5,800 $4,700
19 R
(including 1 DD),
2 W
15 R,
3 W
15 R,
4 W
(including 2 DDs)

Combined Coryat: $17,600

[game clues] [game scores] [suggest correction]

Game tape date: 2000-07-25
The J! Archive is created by fans, for fans. Scraping, republication, monetization, and malicious use prohibited; this site may use cookies and collect identifying information. See terms. The Jeopardy! game show and all elements thereof, including but not limited to copyright and trademark thereto, are the property of Jeopardy Productions, Inc. and are protected under law. This website is not affiliated with, sponsored by, or operated by Jeopardy Productions, Inc. Join the discussion at JBoard.tv.